An investigation of the marketing strategies used by the General Emmanuel Erskine Research and Documentation Centre (GERDC) Bvumba, Mutare / (Record no. 99134)
[ view plain ]
| 000 -LEADER | |
|---|---|
| fixed length control field | 00777nam a2200217 a 4500 |
| 008 - FIXED-LENGTH DATA ELEMENTS--GENERAL INFORMATION | |
| fixed length control field | |
| 049 ## - LOCAL HOLDINGS (OCLC) | |
| Holding library | MAIN |
| 090 ## - LOCALLY ASSIGNED LC-TYPE CALL NUMBER (OCLC); LOCAL CALL NUMBER (RLIN) | |
| Classification number (OCLC) (R) ; Classification number, CALL (RLIN) (NR) | Z716.3 |
| Local cutter number (OCLC) ; Book number/undivided call number, CALL (RLIN) | MAP |
| 003 - CONTROL NUMBER IDENTIFIER | |
| control field | |
| 005 - DATE AND TIME OF LATEST TRANSACTION | |
| control field | 20230120153123.0 |
| 040 ## - CATALOGING SOURCE | |
| Transcribing agency | NUST |
| 100 1# - MAIN ENTRY--PERSONAL NAME | |
| Personal name | Mapikure, Dennis |
| 245 10 - TITLE STATEMENT | |
| Title | An investigation of the marketing strategies used by the General Emmanuel Erskine Research and Documentation Centre (GERDC) Bvumba, Mutare / |
| Statement of responsibility, etc. | Dennis Mapikure. |
| 260 ## - PUBLICATION, DISTRIBUTION, ETC. | |
| Place of publication, distribution, etc. | Bulawayo : |
| Name of publisher, distributor, etc. | NUST, |
| Date of publication, distribution, etc. | 2009 |
| 300 ## - PHYSICAL DESCRIPTION | |
| Extent | xiv, 79 p. : |
| Other physical details | ill. ;30 cm. |
| 500 ## - GENERAL NOTE | |
| General note | Dissertation (BSc)---NUST, 2009. |
| 504 ## - BIBLIOGRAPHY, ETC. NOTE | |
| Bibliography, etc. note | Includes bibliographical references. |
| 700 ## - ADDED ENTRY--PERSONAL NAME | |
| Personal name | NUST |
| Numeration | Dept. Of Library and Information Science. |
| Title of a work | Dissertation. |
| 907 ## - LOCAL DATA ELEMENT G, LDG (RLIN) | |
| a | .b10278370 |
| b | 16-11-15 |
| c | 10-06-10 |
| 942 ## - ADDED ENTRY ELEMENTS (KOHA) | |
| Koha item type | Ordinary Loan Books |
| Call number prefix | Z716.3 |
| Call number suffix | MAP |
| Date last seen | Total Checkouts | Full call number | Barcode | Cost, replacement price | Price effective from | Koha item type | Lost status | Source of classification or shelving scheme | Damaged status | Not for loan | Collection | Withdrawn status | Home library | Current library | Shelving location | Date acquired | Cost, normal purchase price |
|---|---|---|---|---|---|---|---|---|---|---|---|---|---|---|---|---|---|
| 01/20/2023 | 6 | Z716.3 MAP | 92004012958 | 80.00 | 01/20/2023 | 3HOUR | LCC | NFIC | MAIN | MAIN | GEN | 01/20/2023 | 80.00 |